[Event "Lichtenrader Herbst 2016"]
[Site "Berlin-Lichtenrade"]
[Date "2016.10.30"]
[Round "9.15"]
[White "Schnabel, Bennett"]
[Black "Heerde, Thomas"]
[Result "1/2-1/2"]
[WhiteElo "1948"]
[BlackElo "2044"]
[PlyCount "135"]
[EventDate "2016.??.??"]
[WhiteTeam "SV Mattnetz Berlin"]
[BlackTeam "SC Weisse Dame (Berlin)"]

1. e4 d6 2. d4 Nf6 3. Nc3 g6 4. f4 Bg7 5. Nf3 O-O 6. Be3 Nbd7 7. Qd2 e5 8. dxe5
dxe5 9. fxe5 Ng4 10. Bg5 Qe8 11. Nd5 Ndxe5 12. Be2 Be6 13. Nxc7 Qc6 14. Nxa8
Rxa8 15. Nd4 Qb6 16. c3 Nc4 17. Bxc4 Bxc4 18. b3 Ba6 19. Be3 Rc8 20. Rc1 Qc5
21. Bg1 Bh6 22. Qd1 Re8 23. Ne2 Qh5 24. Ng3 Qh4 25. Bf2 Bxc1 26. Qxc1 Ne5 27.
Qe3 Nd3+ 28. Kd2 Rd8 29. Kc2 Rc8 30. Rd1 Nxf2 31. Qxf2 b5 32. Rd7 Rf8 33. Qxa7
Bc8 34. Rd2 Qxh2 35. Qe3 Bb7 36. Qg5 h6 37. Qxb5 Ba8 38. Qd3 h5 39. e5 h4 40.
Ne4 Qxe5 41. Re2 Bc6 42. Qd4 Qxd4 43. cxd4 Bb5 44. Rd2 Kg7 45. Kc3 f5 46. Nc5
Rc8 47. d5 Rxc5+ 48. Kb4 Rxd5 49. Rxd5 Bf1 50. Rd2 g5 51. Rf2 Bxg2 52. Rxg2 Kf6
53. a4 h3 54. Rg1 g4 55. a5 h2 56. Ra1 g3 57. a6 g2 58. a7 g1=Q 59. a8=Q Qd4+
60. Kb5 Qd3+ 61. Kc6 Qc3+ 62. Kd6 Qe5+ 63. Kd7 Qe7+ 64. Kc8 Qe8+ 65. Kb7 Qe4+
66. Kb8 Qe8+ 67. Ka7 Qe3+ 68. Ka6 1/2-1/2

[Event "Lichtenrader Herbst 2016"]
[Site "Berlin-Lichtenrade"]
[Date "2016.10.30"]
[Round "9.16"]
[White "Pesola, Jyrki"]
[Black "Gelemerov, Yane"]
[Result "0-1"]
[WhiteElo "1934"]
[BlackElo "2026"]
[PlyCount "112"]
[EventDate "2016.??.??"]
[BlackTeam "Krakra Pernishki"]

1. e4 e5 2. Nf3 Nc6 3. Bc4 Bc5 4. c3 Qe7 5. O-O d6 6. d4 Bb6 7. h3 Nf6 8. Bg5
h6 9. Bxf6 Qxf6 10. dxe5 dxe5 11. Qe2 O-O 12. Nbd2 Ne7 13. Nh2 Ng6 14. Ng4 Qe7
15. Rad1 c6 16. Qf3 Nf4 17. Rfe1 Qg5 18. Kh2 h5 19. Ne3 g6 20. Qg3 Qf6 21. Nf3
Bc7 22. Qg5 Kg7 23. Qxf6+ Kxf6 24. h4 Ke7 25. Bf1 f6 26. g3 Ne6 27. Bh3 b5 28.
Rd2 Rd8 29. Red1 Rxd2 30. Rxd2 Nc5 31. c4 Bxh3 32. Kxh3 Nxe4 33. Re2 Rd8 34.
cxb5 cxb5 35. Nc2 Nd6 36. Nfd4 Kd7 37. Nb3 Bb6 38. Nb4 Ke6 39. f4 e4 40. Nc6
Re8 41. g4 hxg4+ 42. Kxg4 Kf7 43. Ncd4 a5 44. Nc2 f5+ 45. Kg3 Nc4 46. Nbd4 b4
47. b3 Nb2 48. Nb5 Rd8 49. Ncd4 Bxd4 50. Nxd4 Rxd4 51. Rxb2 Rd3+ 52. Kg2 Rf3
53. Rf2 Rxf2+ 54. Kxf2 Ke6 55. Ke2 Kd5 56. Ke3 Kc5 0-1

[Event "Lichtenrader Herbst 2016"]
[Site "Berlin-Lichtenrade"]
[Date "2016.10.30"]
[Round "9.17"]
[White "Llopis de Aysa, Manuel"]
[Black "Ziese, Gerhard"]
[Result "1-0"]
[WhiteElo "2023"]
[BlackElo "2013"]
[PlyCount "121"]
[EventDate "2016.??.??"]
[WhiteTeam "La Tour Aycelin"]
[BlackTeam "SG Turm Leipzig"]

1. d4 Nf6 2. c4 c5 3. d5 b5 4. Nf3 bxc4 5. Nc3 d6 6. e4 g6 7. Bxc4 Bg7 8. O-O
Nbd7 9. h3 O-O 10. Re1 Ne8 11. Bf4 Rb8 12. Qd2 Qa5 13. e5 Qb4 14. b3 Nb6 15.
Bf1 Bb7 16. a3 Qa5 17. b4 cxb4 18. axb4 Qxb4 19. Reb1 Qc5 20. Be3 Qc8 21. Rxa7
Nd7 22. Na4 dxe5 23. Qa5 Nd6 24. Rc1 Qd8 25. Nb6 Nc8 26. Nxc8 Bxc8 27. Rcc7 Rb7
28. Bb5 Qxc7 29. Qxc7 Rxc7 30. Rxc7 Nf6 31. Bc6 e6 32. d6 Rd8 33. Bg5 h6 34.
Bxf6 Bxf6 35. Nd2 e4 36. d7 Ba6 37. Nxe4 Be7 38. Nc3 Kf8 39. Ra7 Bc4 40. Nb5
Bxb5 41. Bxb5 Rb8 42. Bc6 h5 43. g3 Bc5 44. Rc7 Rd8 45. Rc8 Bb6 46. Kg2 Ke7 47.
f4 Ba5 48. Kf3 Bb6 49. g4 hxg4+ 50. hxg4 Ba5 51. Ke4 Bb6 52. f5 gxf5+ 53. gxf5
exf5+ 54. Kxf5 Ba5 55. Ke5 Bb6 56. Kd5 Ba5 57. Bb5 Bd2 58. Rc2 Bg5 59. Re2+ Kf8
60. Re8+ Kg7 61. Kc6 1-0

[Event "Lichtenrader Herbst 2016"]
[Site "Berlin-Lichtenrade"]
[Date "2016.10.30"]
[Round "9.19"]
[White "Bekasovs, Rihards"]
[Black "Dathe, Frederick"]
[Result "0-1"]
[WhiteElo "2003"]
[BlackElo "1909"]
[PlyCount "104"]
[EventDate "2016.??.??"]
[WhiteTeam "Riga Chess School"]
[BlackTeam "SC Kreuzberg"]

1. Nf3 Nf6 2. c4 g6 3. Nc3 Bg7 4. g3 d6 5. Bg2 Nbd7 6. O-O O-O 7. Rb1 e5 8. d3
h6 9. b4 Nh7 10. Bb2 Ng5 11. e3 f5 12. Ne2 Ne6 13. Nd2 Nf6 14. d4 e4 15. d5 Ng5
16. Nd4 Ng4 17. Qb3 Kh7 18. a4 Qe7 19. Qa3 Ne5 20. Ba1 Bd7 21. Bc3 b6 22. a5 h5
23. c5 bxc5 24. bxc5 dxc5 25. N4b3 Nef3+ 26. Bxf3 Bxc3 27. Be2 Bb4 28. Qa2 a6
29. Rfc1 Bb5 30. Bxb5 axb5 31. h4 Nf7 32. Qc2 Ne5 33. Kg2 c4 34. Nd4 Rxa5 35.
Ne6 Rfa8 36. Ng5+ Kg8 37. Rd1 Ra2 38. Rb2 Rxb2 39. Qxb2 Nd3 40. Qd4 Ra2 41.
Ndxe4 fxe4 42. Nxe4 Ne1+ 43. Kf1 Nf3 44. d6 Bxd6 45. Qd5+ Qf7 46. Qxb5 c3 47.
Qb8+ Kg7 48. Qb5 Qe6 49. Kg2 Qxe4 50. Qd7+ Kh6 51. Kf1 Ne5 52. Qh3 Ng4 0-1

[Event "Lichtenrader Herbst 2016"]
[Site "Berlin-Lichtenrade"]
[Date "2016.10.30"]
[Round "9.20"]
[White "Zschaebitz, Klaus"]
[Black "Lange, Cecilia"]
[Result "1-0"]
[WhiteElo "2063"]
[BlackElo "1854"]
[PlyCount "85"]
[EventDate "2016.??.??"]
[WhiteTeam "BSG 1827 Eckbauer e.V."]
[BlackTeam "TSG Oberschöneweide"]

1. c4 c5 2. g3 Nf6 3. Bg2 Nc6 4. Nf3 b6 5. O-O Bb7 6. b3 e6 7. e3 Be7 8. Bb2
O-O 9. d4 cxd4 10. Nxd4 d5 11. Nc3 Na5 12. Qe2 Rc8 13. Rfd1 Bb4 14. Rac1 Qe7
15. cxd5 Bxc3 16. Bxc3 Bxd5 17. e4 Bb7 18. Qe3 Nc6 19. Nxc6 Bxc6 20. Bxf6 gxf6
21. e5 Bxg2 22. exf6 Qxf6 23. Kxg2 e5 24. Qe4 Rxc1 25. Rxc1 Qd6 26. Rc6 Qb8 27.
b4 Rd8 28. Rh6 Qa8 29. Rc6 Rd4 30. Rg6+ hxg6 31. Qxa8+ Kg7 32. a3 Rd7 33. Qe8
Rd5 34. a4 Kf6 35. h4 Rd4 36. Qc6+ Kg7 37. Qc3 Kf6 38. f4 Ke6 39. b5 Kf5 40.
Qc8+ Kf6 41. Qh8+ Ke6 42. Qxe5+ Kd7 43. Qxd4+ 1-0

[Event "Lichtenrader Herbst 2016"]
[Site "Berlin-Lichtenrade"]
[Date "2016.10.30"]
[Round "9.21"]
[White "Hanewinkel, Winfried"]
[Black "Asenov, Pavel"]
[Result "0-1"]
[WhiteElo "1968"]
[BlackElo "2207"]
[PlyCount "112"]
[EventDate "2016.??.??"]
[WhiteTeam "SF Beelen 1984 e.V."]
[BlackTeam "Witny"]

1. d4 d5 2. c4 c6 3. Nf3 Nf6 4. e3 Bf5 5. Bd3 Bxd3 6. Qxd3 e6 7. Nc3 Nbd7 8.
O-O Bb4 9. Bd2 a5 10. Ne2 O-O 11. a3 Bxd2 12. Nxd2 a4 13. b4 axb3 14. Rfb1 Qc7
15. Rxb3 Ng4 16. Nf3 Nb6 17. c5 Nc4 18. h3 Nf6 19. Nd2 b5 20. cxb6 Nxb6 21.
Rab1 Rfb8 22. Qc2 h6 23. Nf4 Nbd7 24. Nd3 Rxb3 25. Rxb3 Qd6 26. Rc3 Rxa3 27.
Rxc6 Ra1+ 28. Nf1 Qa3 29. Ne5 Nf8 30. Qc3 Qxc3 31. Rxc3 Ne4 32. Rc2 f6 33. Nf3
Nd7 34. N3d2 Nxd2 35. Rxd2 Nb6 36. g3 Nc4 37. Rd3 Kf7 38. Kg2 Ra2 39. Rd1 g5
40. Rd3 h5 41. h4 g4 42. Kg1 Kg6 43. Kg2 Kf5 44. Rd1 Ke4 45. Rb1 e5 46. dxe5
fxe5 47. Rb8 d4 48. exd4 exd4 49. Rh8 Ra5 50. Rf8 Kd3 51. Re8 Re5 52. Rd8 Kc3
53. Rd7 d3 54. Rc7 Kb3 55. Ra7 d2 56. Ra1 Kc2 0-1

[Event "Lichtenrader Herbst 2016"]
[Site "Berlin-Lichtenrade"]
[Date "2016.10.30"]
[Round "9.22"]
[White "Noetzel, Felix"]
[Black "Arndt, Uwe"]
[Result "1-0"]
[WhiteElo "2209"]
[BlackElo "1995"]
[PlyCount "87"]
[EventDate "2016.??.??"]
[WhiteTeam "SF 1903 Berlin"]
[BlackTeam "BSV 63 Chemie Weißensee"]

1. d4 Nf6 2. Nd2 d5 3. Ngf3 Nbd7 4. e3 b6 5. Bd3 c5 6. c3 Bb7 7. O-O Qc7 8. Re1
Rd8 9. e4 dxe4 10. Nxe4 Nxe4 11. Bxe4 Bxe4 12. Rxe4 Nf6 13. Bf4 Qc6 14. Re1 e6
15. Ne5 Qb7 16. Qe2 a6 17. dxc5 Bxc5 18. Bg5 Be7 19. Rad1 O-O 20. c4 Rxd1 21.
Rxd1 Rd8 22. Rxd8+ Bxd8 23. Qd3 Be7 24. b3 h6 25. Bh4 g5 26. Bg3 Qe4 27. f3
Bc5+ 28. Kf1 Qxd3+ 29. Nxd3 Bd4 30. Bd6 Nd7 31. b4 f5 32. c5 bxc5 33. bxc5 a5
34. c6 Nb6 35. Ne5 Bxe5 36. Bxe5 a4 37. Ke2 Kf7 38. Kd3 Ke7 39. Kd4 Nd5 40. Kc5
a3 41. Bd6+ Kd8 42. Kd4 Ne7 43. c7+ Kd7 44. Bxe7 1-0

[Event "Lichtenrader Herbst 2016"]
[Site "Berlin-Lichtenrade"]
[Date "2016.10.30"]
[Round "9.23"]
[White "Gebigke, Martin"]
[Black "Sulayev, Daniel"]
[Result "1-0"]
[WhiteElo "2121"]
[BlackElo "1924"]
[PlyCount "62"]
[EventDate "2016.??.??"]
[WhiteTeam "SC Kreuzberg"]
[BlackTeam "SV Empor Berlin e.V."]

1. d4 Nf6 2. c4 c5 3. d5 b5 4. cxb5 a6 5. bxa6 g6 6. Nc3 Bxa6 7. g3 d6 8. Bg2
Bg7 9. Nf3 O-O 10. O-O Nbd7 11. Rb1 Qa5 12. Bd2 Rfb8 13. Ne1 Ng4 14. Bh3 Ndf6
15. f4 h5 16. Nc2 c4 17. Bg2 Qc5+ 18. e3 Bb7 19. h3 Nh6 20. Be1 Nd7 21. a3 Qc7
22. Nb4 Nf5 23. Rf3 Nc5 24. g4 hxg4 25. hxg4 Nh6 26. Rh3 Bc8 27. Bf3 Qd7 28.
Rh4 f5 29. g5 Nf7 30. Qe2 Rxb4 31. axb4 Ba6 1-0

[Event "Lichtenrader Herbst 2016"]
[Site "Berlin-Lichtenrade"]
[Date "2016.10.30"]
[Round "9.24"]
[White "Shoipov, Dennie"]
[Black "Boettcher, Patrick"]
[Result "1-0"]
[WhiteElo "1823"]
[BlackElo "2150"]
[PlyCount "31"]
[EventDate "2016.??.??"]
[BlackTeam "SC Zitadelle Spandau 1977 e.V."]

1. e4 c5 2. Nf3 e6 3. d4 cxd4 4. Nxd4 Nc6 5. Nc3 Qc7 6. Be3 a6 7. a4 Nf6 8. Bd3
Bb4 9. O-O Bxc3 10. bxc3 d5 11. exd5 Nxd5 12. Bd2 Ne5 13. Ra3 Nc4 14. Bxc4 Qxc4
15. Qg4 Kf8 16. Nxe6+ 1-0

[Event "Lichtenrader Herbst 2016"]
[Site "Berlin-Lichtenrade"]
[Date "2016.10.30"]
[Round "9.25"]
[White "Welz, Peter"]
[Black "Richter, Goetz"]
[Result "1-0"]
[WhiteElo "2085"]
[BlackElo "1999"]
[PlyCount "59"]
[EventDate "2016.??.??"]
[WhiteTeam "SV Empor Berlin e.V."]
[BlackTeam "Klub Kölner SF"]

1. e4 c5 2. Nc3 e6 3. g3 a6 4. Bg2 b5 5. a4 b4 6. Nce2 Bb7 7. d3 Nc6 8. f4 d5
9. e5 h5 10. h3 g5 11. Nf3 gxf4 12. Bxf4 Nge7 13. c3 d4 14. cxd4 Nxd4 15. Nexd4
cxd4 16. Rc1 Nf5 17. Nh4 Bxg2 18. Nxg2 Qd5 19. O-O Be7 20. Kh2 Kd7 21. Rf2 b3
22. h4 Bb4 23. Rc4 Rab8 24. Qxb3 Be1 25. Qc2 Bxf2 26. Rc7+ Ke8 27. Qxf2 Ra8 28.
Ne1 Ne3 29. Bxe3 dxe3 30. Qxf7+ 1-0

[Event "Lichtenrader Herbst 2016"]
[Site "Berlin-Lichtenrade"]
[Date "2016.10.30"]
[Round "9.26"]
[White "Heuer, Thomas"]
[Black "Toepper, Olaf"]
[Result "1-0"]
[WhiteElo "2127"]
[BlackElo "1898"]
[PlyCount "75"]
[EventDate "2016.??.??"]
[WhiteTeam "TSG Neuruppin"]
[BlackTeam "SV Eutin von 1875"]

1. d4 Nf6 2. Nf3 g6 3. c4 Bg7 4. Nc3 O-O 5. e4 d6 6. Be2 e5 7. O-O Nc6 8. d5
Ne7 9. b4 a5 10. Ba3 axb4 11. Bxb4 b6 12. a4 Re8 13. Nd2 c5 14. dxc6 Nxc6 15.
Ba3 Nd4 16. Nb3 Nxe2+ 17. Qxe2 Bb7 18. Rfd1 Bf8 19. Bb4 Qc8 20. Bxd6 Qc6 21.
Bxf8 Rxf8 22. Nd5 Nxd5 23. cxd5 Qd6 24. Nd2 Ba6 25. Qe3 Rfc8 26. Rdc1 Rxc1+ 27.
Rxc1 Qb4 28. Nf3 Qxa4 29. Nxe5 Qe8 30. Ng4 Qe7 31. Qd4 Qd8 32. Nh6+ Kf8 33. d6
Ke8 34. Rc7 Qxc7 35. dxc7 Bb7 36. h4 Rc8 37. Qd6 Bxe4 38. Ng8 1-0

[Event "Lichtenrader Herbst 2016"]
[Site "Berlin-Lichtenrade"]
[Date "2016.10.30"]
[Round "9.28"]
[White "Schmidt, Juergen"]
[Black "Wierzbicki, Jirawat"]
[Result "1/2-1/2"]
[WhiteElo "1953"]
[BlackElo "2108"]
[PlyCount "91"]
[EventDate "2016.??.??"]
[WhiteTeam "SC Kreuzberg"]
[BlackTeam "SK König Tegel"]

1. e4 e5 2. Nf3 Nc6 3. Bb5 a6 4. Ba4 Nf6 5. O-O Be7 6. Re1 b5 7. Bb3 d6 8. c3
O-O 9. h3 Na5 10. Bc2 c5 11. d4 Nd7 12. Nbd2 exd4 13. cxd4 Nc6 14. Nf1 cxd4 15.
Nxd4 Nxd4 16. Qxd4 Ne5 17. Qd1 Bf6 18. Ne3 Be6 19. f4 Nc6 20. Ng4 Bd4+ 21. Kh1
Bxg4 22. Qxg4 Qf6 23. e5 dxe5 24. fxe5 Bxe5 25. Bg5 Qd6 26. Rad1 Qc5 27. Rc1
Qd6 28. Rcd1 Qc7 29. Be4 Rae8 30. Rc1 f5 31. Bd5+ Kh8 32. Qd1 Bg3 33. Rf1 f4
34. Bxc6 Re5 35. Bf3 Qb8 36. h4 h6 37. Bxh6 gxh6 38. Rc6 Qd8 39. Qxd8 Rxd8 40.
Rfc1 Rde8 41. Rf1 Re1 42. Rc1 Bxh4 43. Rfxe1 Rxe1+ 44. Rxe1 Bxe1 45. Kg1 Kg7
46. Kf1 1/2-1/2

[Event "Lichtenrader Herbst 2016"]
[Site "Berlin-Lichtenrade"]
[Date "2016.10.30"]
[Round "9.29"]
[White "Huels, Marco"]
[Black "Idaczek, Guenter"]
[Result "0-1"]
[WhiteElo "1969"]
[BlackElo "1916"]
[PlyCount "76"]
[EventDate "2016.??.??"]
[WhiteTeam "SV Mattnetz Berlin"]
[BlackTeam "TSV Mariendorf"]

1. e4 e5 2. Nf3 Nf6 3. Nc3 Nc6 4. d4 exd4 5. Nxd4 Bb4 6. Nxc6 bxc6 7. Bd3 O-O
8. O-O Re8 9. Bg5 h6 10. Bh4 Bxc3 11. bxc3 d5 12. exd5 cxd5 13. h3 Qd6 14. Re1
Bd7 15. Qf3 Nh7 16. c4 Bc6 17. Bxh7+ Kxh7 18. Qxf7 Rxe1+ 19. Rxe1 Rf8 20. Qe7
Re8 21. Qxe8 Bxe8 22. Rxe8 dxc4 23. Re7 Qd1+ 24. Kh2 Qd6+ 25. Kg1 c3 26. g4
Qd1+ 27. Kg2 Qxc2 28. Bf6 Qg6 29. Bd4 h5 30. f3 h4 31. Rxc7 Qc2+ 32. Bf2 Qd2
33. Kf1 c2 34. Bxa7 c1=Q+ 35. Rxc1 Qxc1+ 36. Kg2 Qb2+ 37. Bf2 Qxa2 38. g5 Qe2
0-1

[Event "Lichtenrader Herbst 2016"]
[Site "Berlin-Lichtenrade"]
[Date "2016.10.30"]
[Round "9.30"]
[White "Schaberg, Wolfgang"]
[Black "Triebus, Bruno"]
[Result "0-1"]
[WhiteElo "1863"]
[BlackElo "1969"]
[PlyCount "40"]
[EventDate "2016.??.??"]
[WhiteTeam "Franciacorta"]
[BlackTeam "SC Schwarz-Weiß Lichtenrade e.V."]

1. e4 e6 2. d4 d5 3. Nd2 Nf6 4. e5 Nfd7 5. Bd3 c5 6. c3 Nc6 7. Ne2 cxd4 8. cxd4
f6 9. exf6 Nxf6 10. Nf3 Bd6 11. O-O O-O 12. Bd2 Ng4 13. Ng3 Nxd4 14. Ng5 Nf6
15. Be3 Nc6 16. Nh5 g6 17. Nxf6+ Qxf6 18. g3 h6 19. Nh3 e5 20. Bxh6 Bxh3 0-1

[Event "Lichtenrader Herbst 2016"]
[Site "Berlin-Lichtenrade"]
[Date "2016.10.30"]
[Round "9.72"]
[White "Bolk, Matthias"]
[Black "Suder, Ryszard"]
[Result "1/2-1/2"]
[WhiteElo "2078"]
[BlackElo "2153"]
[PlyCount "209"]
[EventDate "2016.??.??"]
[WhiteTeam "SC Kreuzberg e.V."]
[BlackTeam "Cross Warszawa"]

1. e4 Nf6 2. e5 Nd5 3. d4 d6 4. Nf3 dxe5 5. Nxe5 g6 6. Be2 Bg7 7. O-O O-O 8. c4
Nb6 9. Nc3 c6 10. h3 Be6 11. c5 Bxe5 12. dxe5 Qxd1 13. Rxd1 N6d7 14. f4 Nxc5
15. Be3 Ncd7 16. b4 Nb6 17. Bf3 N8d7 18. b5 Rac8 19. bxc6 bxc6 20. a4 Rc7 21.
Bf2 Rfc8 22. a5 Nc4 23. Be2 Rb8 24. Rd4 Rb3 25. Bxc4 Rxc3 26. Bxe6 fxe6 27.
Rad1 Nc5 28. Rd8+ Kf7 29. Ra8 Nd3 30. Bxa7 c5 31. Bb6 Rb7 32. Rc8 c4 33. Bd4
Ra3 34. Rxc4 Nb2 35. Rb1 Nxc4 36. Rxb7 Nxa5 37. Rxe7+ Kxe7 38. Bc5+ Kf7 39.
Bxa3 Nc4 40. Bc5 g5 41. fxg5 Nxe5 42. Bd4 Nc4 43. g4 Kg6 44. h4 e5 45. Bc5 e4
46. Kg2 Ne5 47. Kg3 Nd3 48. Bd4 Kf7 49. h5 Kg8 50. Kg2 Kf7 51. Kf1 Nf4 52. Be3
Nd5 53. Ke2 Kg7 54. Bd4+ Kf7 55. Kf2 Kg8 56. Kg3 Kf7 57. Kh4 Kg8 58. Kg3 Kf7
59. Kf2 Kg8 60. Ke2 Kf7 61. Kd2 Kg8 62. Kc2 Kf7 63. Kb3 Nf4 64. Kc4 Ng2 65. Bg1
Ne1 66. Be3 Nf3 67. Bf4 Ke6 68. Kc3 Kf7 69. Kc2 Ke6 70. Kd1 Nd4 71. Kd2 Kf7 72.
Ke3 Ne6 73. Kxe4 Nc5+ 74. Kf5 Nd7 75. Be5 Nf8 76. Bd6 Nd7 77. Ba3 Nb8 78. Kf4
Kg8 79. Ke5 Nd7+ 80. Kd6 Nb6 81. Bc5 Nc4+ 82. Kd5 Nd2 83. Be3 Nf3 84. Ke4 Ne1
85. Bd4 Nc2 86. Bc3 Na3 87. Kd5 Nb5 88. Be5 Na3 89. Ke6 Nc4 90. Bd4 Nd2 91. Be5
Nc4 92. Bf4 Kg7 93. Kf5 Kf7 94. Ke4 Nb2 95. Be5 Nc4 96. Bd4 Nd2+ 97. Kf5 Nc4
98. g6+ hxg6+ 99. Kg5 gxh5 100. gxh5 Nd6 101. h6 Ne4+ 102. Kf5 Nd6+ 103. Kg5
Ne4+ 104. Kh5 Nf6+ 105. Kg5 1/2-1/2

[Event "Lichtenrader Herbst 2016"]
[Site "Berlin-Lichtenrade"]
[Date "2016.10.30"]
[Round "9.73"]
[White "Chojnowski, Marcin"]
[Black "Di Candia, Roberto"]
[Result "1/2-1/2"]
[WhiteElo "2012"]
[BlackElo "1874"]
[PlyCount "86"]
[EventDate "2016.??.??"]
[WhiteTeam "Cross Warszawa"]
[BlackTeam "Schachfreunde Berlin"]

1. d4 g6 2. Nf3 Bg7 3. e4 c5 4. dxc5 Qa5+ 5. Nc3 Qxc5 6. Nd5 Na6 7. c3 Nc7 8.
Be3 Qd6 9. Qb3 Nxd5 10. O-O-O b6 11. Rxd5 Qc7 12. Bb5 Nf6 13. Rd4 O-O 14. e5
Ne8 15. Bf4 d6 16. Ng5 dxe5 17. Bxe8 exf4 18. Bxf7+ Kh8 19. Rc4 Qe5 20. h4 Bb7
21. Bg8 Bd5 22. Bxd5 Qxd5 23. Rd1 Qf5 24. Rc7 Bf6 25. Rd5 Qg4 26. Qc4 Qxg2 27.
Ne4 Rad8 28. Nxf6 exf6 29. Rdd7 Rxd7 30. Rxd7 Qg1+ 31. Kc2 Qxf2+ 32. Kb3 Qc5
33. Qe6 Qe5 34. Qc6 f3 35. Qb7 Qh5 36. Rd5 Qxh4 37. Qe7 Qh6 38. Rd8 Rxd8 39.
Qxd8+ Kg7 40. Qe7+ Kg8 41. Qe6+ Kg7 42. Qe7+ Kg8 43. Qe6+ Kg7 1/2-1/2